| 000 | 00883nam a22002177a 4500 | ||
|---|---|---|---|
| 999 |
_c7519 _d7519 |
||
| 003 | AR-CdUCM | ||
| 008 | 190320b ||||| |||| 00| 0 spa d | ||
| 020 | _a84-314-0142-7 | ||
| 040 |
_aMUNICIPALIDAD PROVINCIAL DEL CUSCO _cBIBLIOTECA MUNICIPAL DEL CUSCO |
||
| 082 |
_a621 / _bC73 |
||
| 100 |
_aCompain, L _921228 |
||
| 245 | _aMetrologia de taller / | ||
| 260 |
_aEspaña : _bEspartero, _c1974. |
||
| 300 |
_a303 pagina ; _bIlustracione, tablas, cuadros, formulas, _c24 cm. |
||
| 505 | _aDefinición de la metrologia, importancia de la verificación -- Unidades empleadas temperatura de referencia -- Patrones de longitud -- Patrones de angulo de taller -- Instrumentos a trazos de medición directa... | ||
| 650 |
_aTecnología y producción _921229 |
||
| 650 |
_aUnidades de longitud _921230 |
||
| 650 |
_aDiámetros exteriores _921231 |
||
| 942 |
_2ddc _cLIBROS |
||
| 945 | _awnts | ||